| 000 | 00000nam 2200000za 4500 |
| 001 | 9.634636 |
| 003 | CaOODSP |
| 005 | 20210624215853 |
| 007 | cr ||||||||||| |
| 008 | 150407s2007 onc|||||o f|0| 0 fre d |
| 020 | |a978-0-662-07301-7 |
| 040 | |aCaOODSP|bfre |
| 043 | |an-cn--- |
| 086 | 1 |aEn81-5/1-2007F-PDF |
| 110 | 1 |aCanada. |bEnvironnement Canada. |bService de la protection de l'environnement. |
| 245 | 10|aIndicateurs canadiens de durabilité de l'environnement, 2007 |h[ressource électronique] / |c[publié conjoitement par] Environnement Canada, Statistique Canada, Santé Canada. |
| 260 | |aOttawa : |bEnvironnement Canada, |c2007. |
| 300 | |a73 p. : |bfigures en couleur, cartes en couleur, graphiques, références, tableaux, photographies. |
| 500 | |aAussi publié annuellement par Statistique Canada, numéro de catalogue (CS16-251/2007F-PDF). Le n° de catalogue (En81-5/1-2007F) de l'édition imprimée a été incorrectement copié dans l'édition PDF. |
| 520 | 3 |aCe rapport annuel présente des indicateurs environnementaux relatifs à la qualité de l'eau, à la qualité de l'air et aux émissions de gaz à effet de serre. L'indicateur de la qualité de l'eau décrit la répartition de la qualité de l'eau à des endroits choisis d'un bout à l'autre du Canada. L'indicateur de la qualité de l'air rend compte des tendances nationales et régionales relatives à l'ozone de la troposphère, un élément-clé du smog, et aux particules de diamètre égal ou inférieur à 2,5 microns (P2,5). L'indicateur des émissions de gaz à effet de serre décrit les tendances quant à ces émissions et la façon dont la production d'énergie, la consommation énergétique et d'autres facteurs influencent ces tendances. Le contexte socioéconomique fournit des liens à la performance économique et au progrès social. Les indicateurs sont créés dans le but d'aider les personnes responsables à élaborer des politiques et à évaluer les résultats de celles-ci au sein du gouvernement, mais peuvent également être utiles aux Canadiens qui désirent en savoir davantage sur ces tendances dans leur environnement. |
| 590 | |a08-04|b2008-01-25 |
| 691 | 07|aIndicateurs environnementaux|2gcpds |
| 775 | 08|tCanadian environmental sustainability indicators, 2007 |w(CaOODSP)9.690267 |
| 776 | 0#|tIndicateurs canadiens de durabilité de l'environnement, 2007 / |w(CaOODSP)9.683978 |
| 795 | |tIndicateurs canadiens de durabilité de l'environnement, 2006 / |w(CaOODSP)9.633402 |
| 856 | 40|ahttp://publications.gc.ca|qPDF|s2068 Ko|uhttps://publications.gc.ca/collections/collection_2008/ec/En81-5-1-2007F.pdf |